000 nam a22 7a 4500
999 _c9172
_d9172
008 180123b ||||| |||| 00| 0 eng d
100 _aArya R P
_95439
245 _aTamil Nadu Road Atlas
260 _aJodhpur
_bI M P
_c2005